Univerzity technického směru a "odliv" odborníků (braindrain)

Získavanie pracovných povolení pre určitých špecialistov z oblasti informačných a komunikačných technológií z krajín strednej a východnej Európy. Silnejúca migrácia odborníkov pred vstupom Českej republiky do EÚ. Nazeranie vysokých škôl na zamestnanie absolventov v zahraničí. Problém úniku mozgov (b...

Full description

Saved in:
Bibliographic Details
Main Author: Healey, Robin
Other Authors: Tocháček, Miloslav
Format: Book Chapter
Language:Czech
Subjects:
Tags: Add Tag
No Tags, Be the first to tag this record!

MARC

LEADER 00000naa a2200000 4500
001 r045301
005 20230919103822.5
041 0 |a cze 
044 |a CZ 
245 1 0 |a Univerzity technického směru a "odliv" odborníků (braindrain)  |c Robin Healey ; Preklad Miloslav Tocháček 
520 |a Získavanie pracovných povolení pre určitých špecialistov z oblasti informačných a komunikačných technológií z krajín strednej a východnej Európy. Silnejúca migrácia odborníkov pred vstupom Českej republiky do EÚ. Nazeranie vysokých škôl na zamestnanie absolventov v zahraničí. Problém úniku mozgov (braindrain). Prístup vysokých škôl k odchodu odborníkov. 
610 2 0 |a únik mozgov 
610 2 0 |a absolventi 
610 2 0 |a školy vysoké odborné 
610 2 0 |a Česko 
610 2 0 |a práca v zahraničí 
610 2 0 |a Európska únia 
610 2 0 |a SVE 
100 1 |a Healey, Robin 
700 1 |a Tocháček, Miloslav